Дар бесценный: романтическая быль; в 2 ч.

Bibliografske podrobnosti
Glavni avtor: Кончаловская Н. П. Наталья Петровна
Jezik:ruščina
Izdano: Новосибирск, Западно-Сибирское книжное издательство, 1973
Format: Knjiga
KOHA link:https://koha.lib.tpu.ru/cgi-bin/koha/opac-detail.pl?biblionumber=74122

MARC

LEADER 00000nam1a2200000 4500
001 74122
005 20231101212737.0
035 |a (RuTPU)RU\TPU\book\79057 
090 |a 74122 
100 |a 20050228d1973 m y0rusy50 ca 
101 0 |a rus 
102 |a RU 
200 1 |a Дар бесценный  |e романтическая быль  |e в 2 ч.  |f Н. П. Кончаловская 
210 |a Новосибирск  |c Западно-Сибирское книжное издательство  |d 1973 
675 |a Р2  |v 3 
700 1 |a Кончаловская  |b Н. П.  |c русская писательница  |c дочь художника П. П. Кончаловского  |f 1903-1988  |g Наталья Петровна  |2 stltpush  |3 (RuTPU)RU\TPU\pers\17635  |9 6520 
801 1 |a RU  |b 63413507  |c 20050228  |g PSBO 
801 2 |a RU  |b 63413507  |c 20171211  |g PSBO 
942 |c BK